MARC details
| 000 -CABECERA |
| campo de control de longitud fija |
02822cam a2200289 i 4500 |
| 001 - NÚMERO DE CONTROL |
| campo de control |
991107244613006196 |
| 005 - FECHA Y HORA DE LA ÚLTIMA TRANSACCIÓN |
| campo de control |
20250328092507.0 |
| 008 - DATOS DE LONGITUD FIJA--INFORMACIÓN GENERAL |
| campo de control de longitud fija |
221019t20232023maua b 001 0 eng d |
| 020 ## - NÚMERO INTERNACIONAL ESTÁNDAR DEL LIBRO |
| Número Internacional Estándar del Libro |
9781647824693 |
| Información calificativa |
(hardback) |
| 035 ## - NÚMERO DE CONTROL DEL SISTEMA |
| Número de control de sistema |
(OCoLC)1350640142 |
| 035 ## - NÚMERO DE CONTROL DEL SISTEMA |
| Número de control de sistema |
(OCoLC)on1350640142 |
| 040 ## - FUENTE DE LA CATALOGACIÓN |
| Centro catalogador/agencia de origen |
UKMGB |
| Lengua de catalogación |
eng |
| Normas de descripción |
rda |
| Centro/agencia transcriptor |
UKMGB |
| Centro/agencia modificador |
OCLCF |
| -- |
JVK |
| -- |
BKL |
| -- |
GO3 |
| -- |
HUL |
| -- |
OCO |
| -- |
UOK |
| -- |
INR |
| -- |
WKM |
| -- |
YDX |
| 050 14 - SIGNATURA TOPOGRÁFICA DE LA BIBLIOTECA DEL CONGRESO |
| Número de clasificación |
HF5548.2 |
| Número de documento/Ítem |
.D38 2023 |
| 100 ## - ENTRADA PRINCIPAL--NOMBRE DE PERSONA |
| Nombre de persona |
Davenport, Thomas H. |
| Fechas asociadas al nombre |
1954- |
| Término indicativo de función/relación |
author. |
| 9 (RLIN) |
23221 |
| 245 10 - MENCIÓN DE TÍTULO |
| Título |
All-in on AI |
| Resto del título |
: how smart companies win big with artificial intelligence |
| Mención de responsabilidad, etc. |
/ Thomas H. Davenport, Nitin Mittal. |
| 246 3# - FORMA VARIANTE DE TÍTULO |
| Título propio/Titulo breve |
All-in on artificial intelligence |
| 246 30 - FORMA VARIANTE DE TÍTULO |
| Título propio/Titulo breve |
How smart companies win big with artificial intelligence |
| 264 #1 - PRODUCCIÓN, PUBLICACIÓN, DISTRIBUCIÓN, FABRICACIÓN Y COPYRIGHT |
| Producción, publicación, distribución, fabricación y copyright |
Boston : |
| Nombre del de productor, editor, distribuidor, fabricante |
Harvard Business Review Press, |
| Fecha de producción, publicación, distribución, fabricación o copyright |
[2023] |
| 300 ## - DESCRIPCIÓN FÍSICA |
| Extensión |
216 pages : |
| Otras características físicas |
illustrations ; |
| Dimensiones |
24 cm |
| 504 ## - NOTA DE BIBLIOGRAFÍA, ETC. |
| Nota de bibliografía, etc. |
Includes bibliographical references and index. |
| 505 ## - NOTA DE CONTENIDO CON FORMATO |
| Nota de contenido con formato |
What Does It Mean to Be AI Fueled —<br/>The Human Side —<br/>Strategy —<br/>Technology and Data —<br/>Capabilities —<br/>Industry Use Cases —<br/>Becoming AI Fueled . |
| 520 ## - SUMARIO, ETC. |
| Sumario, etc. |
A fascinating look at the trailblazing companies using artificial intelligence to create new competitive advantage, from the author of the business classic, Competing on Analytics, and the head of Deloitte's US AI practice. Though most organizations are placing modest bets on artificial intelligence, there is a world-class group of companies that are going all-in on the technology and radically transforming their products, processes, strategies, customer relationships, and cultures. Though these organizations represent less than 1 percent of large companies, they are all high performers in their industries. They have better business models, make better decisions, have better relationships with their customers, offer better products and services, and command higher prices. Written by bestselling author Tom Davenport and Deloitte's Nitin Mittal, All-In on AI looks at artificial intelligence at its cutting edge from the viewpoint of established companies like Anthem, Ping An, Airbus, and Capital One. Filled with insights, strategies, and best practices, All-In on AI also provides leaders and their teams with the information they need to help their own companies take AI to the next level. If you're curious about the next phase in the implementation of artificial intelligence within companies, or if you're looking to adopt this powerful technology in a more robust way yourself, All-In on AI will give you a rare inside look at what the leading adopters are doing, while providing you with the tools to put AI at the core of everything you do. |
| 650 #0 - PUNTO DE ACCESO ADICIONAL DE MATERIA--TÉRMINO DE MATERIA |
| Término de materia o nombre geográfico como elemento de entrada |
Business |
| Subdivisión general |
Data processing |
| 9 (RLIN) |
7722 |
| 650 #0 - PUNTO DE ACCESO ADICIONAL DE MATERIA--TÉRMINO DE MATERIA |
| Término de materia o nombre geográfico como elemento de entrada |
Artificial Intelligence |
| 9 (RLIN) |
14147 |
| 700 ## - ENTRADA AGREGADA--NOMBRE PERSONAL |
| Nombre de persona |
Mittal, Nitin |
| Títulos y otros términos asociados al nombre |
(AI innovator), |
| Término indicativo de función/relación |
author. |
| 942 ## - ELEMENTOS DE ENTRADA AGREGADA (KOHA) |
| Fuente del sistema de clasificación o colocación |
Clasificación de Library of Congress |